Statistiques concernant Les 10 meilleurs buteurs en 2012.

Cliquez ici pour prendre le quiz!

Statistiques générales

  • Ce quiz a été pris 126 fois
  • Le résultat moyen est 7 sur 10

Statistiques - réponses

ButsJoueursClubs% Correct
63Cristiano RonaldoReal
100%
91Lionel MessiBarca
100%
50Zlatan IbrahimovicMilan/ PSG
95%
30Karim BenzemaReal
88%
32Robert LewandowskiDortmund
77%
31Wayne RooneyMan United
75%
45Edinson CavaniNapoli
73%
39Robin Van PersieArsenal/ Man United
73%
49Radamel FalcaoAtletico
53%
32Vedad IbisevicHoffenheim/ Stuttgart
4%

Distribution des résultats

Percentile par nombre de réponses

% des personnes avec chaque résultat

Votre développement - résultats

Vous n’avez pas pris ce quiz